| 000 | 00479nam a2200157 a 4500 | ||
|---|---|---|---|
| 001 | 000046830 | ||
| 005 | 20240305141120.0 | ||
| 008 | 180402s2015 dr a 000 spa d | ||
| 020 | _a9789945492699 | ||
| 040 |
_aDO-SdBNP _bspa _cBNPHU |
||
| 100 | 1 |
_aBatista, León Félix, _d1964- _912031 |
|
| 245 | 0 |
_aDuro de leer :. : _bantología dilatada / _cLeón Félix Batista. |
|
| 260 |
_aSanto Domingo : _b[s.n.], _c2015. |
||
| 300 |
_a105 p. ; _c23.5 cm. |
||
| 590 | _aInventariado,2018/DG | ||
| 999 |
_c46319 _d46319 |
||